| 000 | 00844nam a22002297a 4500 | ||
|---|---|---|---|
| 999 |
_c13760 _d13760 |
||
| 003 | AR-CdUCM | ||
| 008 | 190329b ||||| |||| 00| 0 spa d | ||
| 020 | _a84-316-4835-X | ||
| 040 |
_aMUNICIPALIDAD PROVINCIAL DEL CUSCO _cBIBLIOTECA MUNICIPAL DEL CUSCO |
||
| 082 |
_aES / 803 / _bN45 |
||
| 100 |
_aNesbit, Edith. _932300 |
||
| 245 | _aMelisenda / | ||
| 260 |
_aEspaña : _bVicens Vives, ; _c1999. |
||
| 300 |
_a62 páginas ; _bIlustraciones _c22 cm |
||
| 440 |
_aCucaña _n4 _932301 |
||
| 500 | _aColección dirigida por Francisco Antón. | ||
| 505 | _aContenido :Un bautizo muy concurrido -- Deseo cumplido -- Un problema inesperado -- No hay mal que por bien no venga -- ¡Justo por la mitad! ... | ||
| 650 |
_aLiteratura _9416 |
||
| 700 |
_aAguirre, Daniel (traducción) _932302 |
||
| 942 |
_2ddc _cLIBROS |
||
| 945 |
_arum _d2019-04-16 |
||